000 01018nam a2200289 i 4500
001 73353
003 ES-MaACL
005 20240410214734.0
007 t|
008 040929s1991 sp ||||0| spa j
020 _a84-87035-36-1
040 _aM-BN
_bspa
_cM-BN
080 _a75 Picasso, Pablo
100 1 _aZambrano, María,
_d1904-1991
_9117914
245 1 0 _aAmor y muerte en los dibujos de Picasso
_b: 1952 ; Picasso en Roma : 1960 /
_cMaría Zambrano.
260 _a[Málaga] :
_bFundación Pablo Ruiz Picasso :
_bAyuntamiento de Málaga,
_c[1991]
300 _a25 p. :
_b1 retr. ;
_c28 cm.
490 1 _aEscritos y poemas ;
_v16
600 1 4 _aPicasso, Pablo,
_d1881-1973
_991794
700 1 _aZambrano, María, 1904-1991.
_tPicasso en Roma
_9117919
710 2 _aFundación Picasso.
_94377
710 1 _aMálaga.
_bAyuntamiento.
_95634
740 0 _aPicasso en Roma.
830 0 _aEscritos y poemas ;
_v16
_9183401
852 _aES-MaACL
_j2182-F-19
_bR.123561
999 _c73353
_d73353